Statistics for Horrible Histories Lyrics

Click here to take the quiz!

General Stats

  • This quiz has been taken 810 times
    (809 since last reset)
  • The average score is 18 of 23

Answer Stats

CluesAnswer% Correct
Terrible ________Tudors
99%
Vile _________Victorians
97%
Gorgeous _______Georgians
96%
Slimy _______Stuarts
93%
Daring ________Knights
89%
Vicious _______Vikings
89%
Woeful _________Wars
88%
Ferocious _______Fights
87%
And your host a ________Talking Rat
87%
Welcome to...HORRIBLE HISTORIES !!
85%
Dingy ________Castles
84%
Cut-Throat _________Celts
84%
Groovy ___________Greeks
84%
Mean and measly _________Middle Ages
80%
Awful ___________Egyptians
79%
The past is no longer _________A Mystery
77%
Gory stories ________We Do That
77%
Punishments from __________Ancient Times
72%
Cruel _______Crimes
70%
Romans rotten rank and _________Ruthless
63%
Cavemen savage fierce and _________Toothless
58%
Rainy __________Stages
10%
Horrors that define __________Descripsion
2%

Score Distribution

Percentile by Number Answered

Percent of People with Each Score

Your Score History

You have not taken this quiz since the last reset